PAKISTAN: CUT TO SIZE (Record no. 31898)

MARC details
000 -LEADER
fixed length control field 00252nam a22001217a 4500
003 - CONTROL NUMBER IDENTIFIER
control field SGT
082 ## - DEWEY DECIMAL CLASSIFICATION NUMBER
Classification number 954
Item number P72M
100 ## - MAIN ENTRY--PERSONAL NAME
Personal name MANKEKAR, D.R.
245 ## - TITLE STATEMENT
Title PAKISTAN: CUT TO SIZE
260 ## - PUBLICATION, DISTRIBUTION, ETC. (IMPRINT)
Name of publisher, distributor, etc INDIAN BOOK COMPANY
Year of Publication 1972
300 ## - PAGE DESCRIPTION
No. of Pages 175
942 ## - ADDED ENTRY ELEMENTS (KOHA)
Source of classification or shelving scheme Dewey Decimal Classification
Koha item type Books
Holdings
Withdrawn status Lost status Source of classification or shelving scheme Damaged status Not for loan Home library Current library Shelving location Date acquired SGTU Total Checkouts Full call number Accession No. (Barcode) Date last seen Bill Date Koha item type
    Dewey Decimal Classification   Not For Loan SGT Chancellor's Library SGT Chancellor's Library Reference Book 03/07/2025 SGTU   954 P72M CH3905 03/07/2025 03/07/2025 Books